LEADER 00804nam0-22002771i-450- 001 990000071670403321 035 $a000007167 035 $aFED01000007167 035 $a(Aleph)000007167FED01 035 $a000007167 100 $a20011111d--------km-y0itay50------ba 101 0 $aita 105 $ay-------001yy 200 1 $a<>trattamento termico preliminare degli acciai dolci e semi-duri per costruzioni meccaniche$fFederico Giolitti. 210 $aMilano$cU. Hoepli$d1918 215 $aXV, 621 p.$cill.$d23 cm 610 0 $aAcciai$aTrattamanti superficiali 676 $a669.142 700 1$aGiolitti,$bFederico 801 0$aIT$bUNINA$gRICA$2UNIMARC 901 $aBK 912 $a990000071670403321 952 $a13 L 22 10$b3443$fFINBC 959 $aFINBC 997 $aUNINA DB $aING01